<?xml version="1.0" encoding="UTF-8"?>
<record
    xmlns:xsi="http://www.w3.org/2001/XMLSchema-instance"
    xsi:schemaLocation="http://www.loc.gov/MARC21/slim http://www.loc.gov/standards/marcxml/schema/MARC21slim.xsd"
    xmlns="http://www.loc.gov/MARC21/slim">

  <leader>00918nam a22002537a 4500</leader>
  <controlfield tag="005">20170123164152.0</controlfield>
  <datafield tag="010" ind1=" " ind2=" ">
    <subfield code="a">A-844314</subfield>
  </datafield>
  <datafield tag="020" ind1=" " ind2=" ">
    <subfield code="c">195.00</subfield>
  </datafield>
  <datafield tag="035" ind1=" " ind2=" ">
    <subfield code="a">A-844314</subfield>
  </datafield>
  <datafield tag="037" ind1=" " ind2=" ">
    <subfield code="b">Cen Lib / Ret</subfield>
  </datafield>
  <datafield tag="040" ind1=" " ind2=" ">
    <subfield code="a">DPL</subfield>
    <subfield code="b">PN</subfield>
  </datafield>
  <datafield tag="082" ind1=" " ind2=" ">
    <subfield code="a">954.16</subfield>
    <subfield code="b">&#xA2C;&#xA32;&#xA2C;&#xA40;</subfield>
  </datafield>
  <datafield tag="100" ind1=" " ind2=" ">
    <subfield code="a">&#xA2C;&#xA32;&#xA2C;&#xA40;&#xA30; &#xA2E;&#xA3E;&#xA27;&#xA4B;&#xA2A;&#xA41;&#xA30;&#xA40; </subfield>
    <subfield code="9">138582</subfield>
  </datafield>
  <datafield tag="245" ind1=" " ind2=" ">
    <subfield code="a">&#xA26;&#xA3F;&#xA71;&#xA32;&#xA40; &#xA07;&#xA15; &#xA35;&#xA3F;&#xA30;&#xA3E;&#xA38;&#xA24; /</subfield>
    <subfield code="c">&#xA2C;&#xA32;&#xA2C;&#xA40;&#xA30; &#xA2E;&#xA3E;&#xA27;&#xA4B;&#xA2A;&#xA41;&#xA30;&#xA40; </subfield>
  </datafield>
  <datafield tag="246" ind1=" " ind2=" ">
    <subfield code="a">Dilli ek virasat /</subfield>
    <subfield code="b"> by Balbir Madhopuri </subfield>
  </datafield>
  <datafield tag="260" ind1=" " ind2=" ">
    <subfield code="a">&#xA26;&#xA3F;&#xA71;&#xA32;&#xA40; </subfield>
    <subfield code="b">&#xA06;&#xA30;&#xA38;&#xA40; &#xA2A;&#xA2C;&#xA32;&#xA3F;&#xA38;&#xA3C;&#xA30;&#xA1C;&#xA3C; </subfield>
    <subfield code="c">1998</subfield>
  </datafield>
  <datafield tag="270" ind1=" " ind2=" ">
    <subfield code="a">&#xA1A;&#xA3E;&#xA02;&#xA26;&#xA28;&#xA40; &#xA1A;&#xA4C;&#xA15; </subfield>
    <subfield code="b">&#xA26;&#xA3F;&#xA71;&#xA32;&#xA40; </subfield>
    <subfield code="e">110006</subfield>
  </datafield>
  <datafield tag="300" ind1=" " ind2=" ">
    <subfield code="a">176p.</subfield>
    <subfield code="c">21cm(pbk)</subfield>
  </datafield>
  <datafield tag="650" ind1=" " ind2=" ">
    <subfield code="a">Geography &amp; history</subfield>
    <subfield code="9">138583</subfield>
  </datafield>
  <datafield tag="650" ind1=" " ind2=" ">
    <subfield code="a">history</subfield>
    <subfield code="9">138584</subfield>
  </datafield>
  <datafield tag="650" ind1=" " ind2=" ">
    <subfield code="a">&#xA2D;&#xA42;&#xA17;&#xA4B;&#xA32; &#xA05;&#xA24;&#xA47; &#xA07;&#xA24;&#xA3F;&#xA39;&#xA3E;&#xA38;</subfield>
    <subfield code="9">42593</subfield>
  </datafield>
  <datafield tag="650" ind1=" " ind2=" ">
    <subfield code="a">&#xA07;&#xA24;&#xA3F;&#xA39;&#xA3E;&#xA38;</subfield>
    <subfield code="9">138585</subfield>
  </datafield>
  <datafield tag="942" ind1=" " ind2=" ">
    <subfield code="2">ddc</subfield>
    <subfield code="c">PN</subfield>
    <subfield code="h">954.16</subfield>
    <subfield code="m">&#xA2C;&#xA32;&#xA2C;&#xA40;</subfield>
  </datafield>
  <datafield tag="999" ind1=" " ind2=" ">
    <subfield code="c">110397</subfield>
    <subfield code="d">110397</subfield>
  </datafield>
  <datafield tag="952" ind1=" " ind2=" ">
    <subfield code="0">0</subfield>
    <subfield code="1">0</subfield>
    <subfield code="4">0</subfield>
    <subfield code="7">0</subfield>
    <subfield code="a">L</subfield>
    <subfield code="b">L</subfield>
    <subfield code="d">2016-01-21</subfield>
    <subfield code="e">Cen Lib/Ret</subfield>
    <subfield code="g">195.00</subfield>
    <subfield code="l">0</subfield>
    <subfield code="o">954.16 &#xA2C;&#xA32;&#xA2C;&#xA40;</subfield>
    <subfield code="p">A-844314</subfield>
    <subfield code="r">2016-01-21 00:00:00</subfield>
    <subfield code="t">1</subfield>
    <subfield code="v">195.00</subfield>
    <subfield code="w">2016-09-15</subfield>
    <subfield code="y">PN</subfield>
  </datafield>
</record>
